PRODUKČNÁ ÚČINNOSŤ ALTERNATÍVNEJ KŔMNEJ ZMESI PRI TESTÁCII OŠÍPANÝCH NA VÝKRMNOSŤ A JATOČNÚ HODNOTU

Bibliographic Details
Main Authors: Lukáčová, A. (Author), Buchová, B. (Author), Fľak, Pavel (Author), Petrovič, Vojtech (Author)
Format: Article
Language:Slovak

MARC

LEADER 00000nab a2200000uu 4500
001 vtls011540382
003 SK-MaSNL
005 20260304013348.0
008 230218|1994 xo |||||||||||||||||slo|
015 |a SNBRB 
035 |a (urnnbn)urn:nbn:sk:snk:ar-a09r7r 
035 |a (uuid)36892858-ee86-454a-82db-00b8780f27a0 
035 |a urn:nbn:sk:snk-abeyms 
040 |a SNKBUCL  |b slo  |c SNKBUCL  |e AACR2 
041 0 |a slo 
044 |a xo  |c SK 
100 1 |a Lukáčová, A.  |4 aut  |9 276541 
245 1 0 |a PRODUKČNÁ ÚČINNOSŤ ALTERNATÍVNEJ KŔMNEJ ZMESI PRI TESTÁCII OŠÍPANÝCH NA VÝKRMNOSŤ A JATOČNÚ HODNOTU  |c A. Lukáčová, B. Buchová, P. Fľak, V. Petrovič 
246 3 |a PRODUCTION EFFICIENCY OF ALTERNATIVE FEED MIXTURE DURING THE TESTING OF FATTENING CAPACITY AND CARCASS VALUE IN PIGS 
700 1 |a Buchová, B.  |4 aut  |9 787866 
700 1 |a Fľak, Pavel  |4 aut  |9 5306 
700 1 |a Petrovič, Vojtech  |4 aut  |9 826992 
773 0 |t Journal of farm animal science : vedecké práce Výskumného ústavu živočíšnej výroby v Nitre  |g Roč. 27, č. 27 (1994), s. 257-263 
954 |a odborná, vedecká literatúra pôvodná (slovenská)  |2 lita 
958 |a OND 
958 |a EUIPO 
958 |a article22 
999 |c 2575478  |d 2577408